000
00308nam a2200121Ia 4500
008
220204s9999 xx 000 0 und d
082
_a
667.28
_b
VEN
100
_a
Venkataraman, K
245
0
_a
Chemistry of synthetic dyes. V 1
260
_a
New York
_b
Academic
_c
1952
650
_a
Synthetic dyes
942
_c
BK
999
_c
26652
_d
26652